000 00874cam a22002295a 4500
001 E141303
008 070215s2007 xxk f 000 0 eng u
020 _a9781904829607
035 _a(Sirsi) u141303
041 0 _aeng
050 0 4 _a692.5 $2 18
245 0 0 _aWessex estimating price book SMM7
_b2008
250 _a13th ed.
260 _aLondon
_bBCIS
_c2007
520 _aGuide to the current (net cost) unit prices for building work. GIves unit rates compiled from over 500 000 price elements. Includes labour constants, an approximate estimating section, professional information and BCIS square metre rates.
520 _aSuperseded by 14th ed. (ISBN 9781904829829)
650 2 4 _aSTANDARD METHOD OF MEASUREMENT (SEVENTH EDITION)
651 4 _aUnited Kingdom
_y
690 _aBUILT ENVIRONMENT-BUILDING COSTS
700 1 _aBarnett, N.P.
_eEditor
942 _n0
999 _c107629
_d107629